| 000 | 00495nam a2200181Ia 4500 | ||
|---|---|---|---|
| 005 | 20250508151644.0 | ||
| 008 | 008 250505s9999 xx 000 0 eng d | ||
| 037 | _aTextual | ||
| 040 |
_aFEDL _beng _cFEDL |
||
| 041 |
_aeng _2eng |
||
| 084 |
_a951, PAN _qFEDL |
||
| 100 | _aPanikkar K M | ||
| 245 | 0 | _aIn two Chinas: Memoirs of a diplomat | |
| 260 |
_aLondon, UK _bGorge Allen and Unwin Ltd. _c1955 |
||
| 300 | _a183p. | ||
| 942 |
_cTEXL _h951, PAN |
||
| 999 |
_c1331194 _d1331194 |
||